|
|
|
|
| LEADER |
01459nam a2200373 a 4500 |
| 001 |
000673632 |
| 003 |
CZ BrMZK |
| 005 |
20190807104848.0 |
| 007 |
ta |
| 008 |
030613s2003 xr a e f 000 0 cze d |
| 015 |
|
|
|a cnb001252223
|
| 020 |
|
|
|a 80-7226-909-7
|q (brož.)
|
| 035 |
|
|
|a (OCoLC)53542898
|
| 040 |
|
|
|a BOA001
|b cze
|
| 072 |
|
7 |
|a 004.4/.6
|x Programování. Software
|2 Konspekt
|9 23
|
| 080 |
|
|
|a 004.42Word
|2 MRF
|
| 080 |
|
|
|a 004.912
|2 MRF
|
| 080 |
|
|
|a (035)
|2 MRF
|
| 245 |
0 |
0 |
|a Microsoft Word 2000 :
|b jednoduše, srozumitelně, názorně /
|c kolektiv autorů
|
| 250 |
|
|
|a Vyd. 1.
|
| 260 |
|
|
|a Brno :
|b Computer Press,
|c 2003
|
| 300 |
|
|
|a x, 223 s. :
|b il. ;
|c 19 x 23 cm
|
| 490 |
1 |
|
|a Vizuální příručka nové generace
|
| 500 |
|
|
|a Dostupné též v digitální podobě v aplikaci Kramerius
|
| 504 |
|
|
|a Obsahuje rejstřík
|
| 650 |
0 |
7 |
|a Microsoft Word 2000 (software)
|7 ph117882
|2 czenas
|
| 650 |
0 |
7 |
|a textové procesory
|7 ph116449
|2 czenas
|
| 655 |
|
7 |
|a příručky
|7 fd133209
|2 czenas
|
| 830 |
|
0 |
|a Vizuální příručka nové generace
|0 s
|
| 856 |
4 |
1 |
|u http://www.digitalniknihovna.cz/mzk/uuid/uuid:cd13f250-4b0e-11e5-8851-005056827e51
|y Digitalizovaný dokument
|x NDK
|
| 910 |
|
|
|a BOA001
|b 2-1121.164
|
| 990 |
|
|
|a BK
|
| 996 |
6 |
|
|b 2610194044
|c 2-1121.164
|l MZK
|r Sklad / do 1 hodiny
|n 0
|p p.v.
|w 000673632
|u 000010
|a 1
|e BOA001
|j MZK50
|s P
|
| 996 |
7 |
|
|b 2610197376
|c 2-1121.164
|l MZK
|r Sklad / do 1 hodiny
|n 31
|p kup
|w 000673632
|u 000020
|a 1
|e BOA001
|j MZK50
|s A
|